000 00935nam a2200277Ia 4500
005 20220317000405.0
008 141031s9999 ck 000 0 spa d
020 _a9788498413700
100 1 _aGaarder, Jostein,
_d1952-
245 1 3 _aEl vendedor de cuentos
_cJostein Gaarder ; traducción del noruego de Kirsti Baggethun y Asunción Lorenzo
250 _a1a. edición
300 _a227 páginas
_c25 cm.
500 _aContiene datos biográficos del autor
534 _tSirkusdirektorens datter
650 1 4 _2LEMB
_aLiteratura noruega
650 1 4 _2LEMB
_aNovela noruega
650 1 4 _2LEMB
_aControl (Psicología)
_vNovela
700 _aLorenzo, Asunción Baggethun, Kirsti
_etraductor
_915143
942 _2loc
_cBKLIT
264 _aMadrid
_bSiruela
_c2010
336 _atexto
_btxt
_2rdacontent
337 _asin mediación
_bn
_2rdamedia
338 _avolumen
_bnc
_2rdacarrier
040 _aCO-BoRNBP
_bspa
_erda
_cCO-BoRNBP
084 _aN GAA1
999 _c3913
_d3913